El Lazarillo de Tormes

Đã lưu trong:
Chi tiết về thư mục
Định dạng: Sách
Ngôn ngữ:Tiếng Tây Ban Nha
Được phát hành: Santiago Revista Vea 1987
Loạt:Biblioteca de oro del estudiante, 11
Những chủ đề:
Các nhãn: Thêm thẻ
Không có thẻ, Là người đầu tiên thẻ bản ghi này!

MARC

LEADER 00000nam a2200000 a 4500
001 UCH5575
003 CL-VaPUC
008 091014e19870000CL |||||||||||||||||spa|d
082 0 4 |a 863  |b LAZ  |2 21 
245 1 3 |a El Lazarillo de Tormes 
300 |a 144 p 
942 |c BK 
945 |d 20091014 00:00:00  |a ccalabra 
260 |a Santiago  |b Revista Vea  |c 1987 
500 |a Resúmenes, análisis y biografía: Manuel Montecinos Caro 
650 0 |a Literatura  |9 259151 
650 0 |a Literatura española  |9 306261 
650 0 |a Novelas españolas  |9 265052 
650 0 |a Escritores españoles  |9 318145 
650 0 |a Ficción   |9 376687 
650 0 |a Lectura  |9 307634 
651 0 |a España  |9 254926 
583 |a last modification  |c 20091014 00:00:00  |k Rodrigo Vera 
490 0 |a Biblioteca de oro del estudiante, 11 
999 |c 336697  |d 336695